| 000 | 00610nam a2200181Ia 4500 | ||
|---|---|---|---|
| 008 | 151018s9999 xx 000 0 und d | ||
| 082 |
_bRBASDV61557 _a780 |
||
| 100 | _aवि म कुलकर्णी | ||
| 245 | _aवृत्ते व अलंकार | ||
| 250 | _b5 | ||
| 260 |
_bएन के पब्लिशिंग हाऊस _c1962 |
||
| 300 | _a59 | ||
| 600 | _aवि म कुलकर्णी | ||
| 630 | _aवृत्ते व अलंकार | ||
| 700 | _aवि म कुलकर्णी | ||
| 730 | _aवृत्ते व अलंकार | ||
| 942 | _cBOOK | ||
| 999 |
_c1054865 _d1054862 |
||